|
|
|
|
| LEADER |
00000naa2a2200000 4500 |
| 001 |
617715 |
| 005 |
20231101132956.0 |
| 035 |
|
|
|a (RuTPU)RU\TPU\conf\16028
|
| 035 |
|
|
|a RU\TPU\conf\16027
|
| 090 |
|
|
|a 617715
|
| 100 |
|
|
|a 20160322d2016 k y0rusy50 ca
|
| 101 |
0 |
|
|a rus
|g rus
|
| 102 |
|
|
|a RU
|
| 105 |
|
|
|a y z 101zy
|
| 135 |
|
|
|a drcn ---uucaa
|
| 181 |
|
0 |
|a i
|
| 182 |
|
0 |
|a b
|
| 200 |
1 |
|
|a Основные возможности и области применения инструмента для разработки двухмерных и трёхмерных приложений Unity
|f А. Я. Репецкая, В. В. Видман, М. А. Иванов
|
| 203 |
|
|
|a Текст
|c электронный
|
| 225 |
1 |
|
|a Компьютерная графика и дизайн
|
| 230 |
|
|
|a 1 компьютерный файл (pdf; 275 Кb)
|
| 300 |
|
|
|a Заглавие с титульного экрана
|
| 320 |
|
|
|a [Библиогр.: с. 191 (4 назв.)]
|
| 337 |
|
|
|a Adobe Reader
|
| 461 |
|
1 |
|0 (RuTPU)RU\TPU\conf\15701
|t Молодежь и современные информационные технологии
|o сборник трудов XIII Международной научно-практической конференции студентов, аспирантов и молодых ученых, г. Томск, 9-13 ноября 2015 г.
|o в 2 т.
|f Национальный исследовательский Томский политехнический университет (ТПУ), Институт кибернетики (ИК) ; под ред. Т. Е. Мамоновой [и др.]
|d 2016
|
| 463 |
|
0 |
|0 (RuTPU)RU\TPU\conf\15706
|t Т. 2
|v [С. 190-191]
|d 2016
|
| 610 |
1 |
|
|a труды учёных ТПУ
|
| 610 |
1 |
|
|a электронный ресурс
|
| 610 |
1 |
|
|a двухмерные модели
|
| 610 |
1 |
|
|a трехмерные изображения
|
| 610 |
1 |
|
|a приложения
|
| 610 |
1 |
|
|a Unity
|
| 610 |
1 |
|
|a кроссплатформенность
|
| 700 |
|
1 |
|a Репецкая
|b А. Я.
|
| 701 |
|
1 |
|a Видман
|b В. В.
|
| 701 |
|
1 |
|a Иванов
|b М. А.
|c специалист в области информационных технологий
|c инженер института «Кибернетический центр» Томского политехнического университета
|f 1980-
|g Максим Анатольевич
|2 stltpush
|3 (RuTPU)RU\TPU\pers\25395
|
| 712 |
0 |
2 |
|a Национальный исследовательский Томский политехнический университет (ТПУ)
|b Институт кибернетики (ИК)
|b Кафедра оптимизации систем управления (ОСУ)
|h 127
|2 stltpush
|3 (RuTPU)RU\TPU\col\18702
|
| 801 |
|
2 |
|a RU
|b 63413507
|c 20160405
|g RCR
|
| 856 |
4 |
|
|u http://earchive.tpu.ru/handle/11683/17036
|
| 942 |
|
|
|c BK
|